000 01205 a2200253 4500
001 60635
005 20260407155858.0
008 260407a2000 arg spa d
003 AR-UNSa-BCEJYS
040 _aAR-UNSa-BCEJYS
_bspa
_cAR-UNSa-BCEJYS
080 _a657.47
_xContabilidad de Costos
245 1 0 _aContabilidad y gestión de costes
020 _a978-84-8088-511-9
250 _a3a. ed.
264 1 _aBarcelona :
_bGestión 2000
_c2000
300 _a321 p.
_c23 cm.
505 _a1. Introducción - 2. Sistema de cálculo de costes: Costes parciales – 3. Sistema de cálculo de costes: Costes por pedido – 4. Sistemas de cálculo de costes: Coste completo – 5. Sistemas de cálculo de costes: Costes basado en las actividades – 6. Confección de presupuesto y costes estándar – 7. Cálculo y análisis de desviaciones – 8. Gestión de costes para la toma de decisiones – 9. Nuevas tendencias en el cálculo y gestión de costes
041 _aspa
942 _cBK
590 _aniveau_biblio:m niveau_hierar:0
100 1 _aAmat, Oriol
700 1 _aSoldevila, Pilar
856 4 1 _uhttps://www.biblioeco.unsa.edu.ar/pmb/images/libros/L129284.jpg
_yImagen de portada
_qimage/jpeg
999 _c7091
_d7091